=LDR 00000nam 2200000 4500 =001 INLIS000000000030565 =005 20130612132711 =008 ************************************* =035 ##$$0010-061300000030565 =082 ##$$a 636.686 =090 ##$$a 636.686, SOE b =100 ##$$a Soeseno,Ari =245 ##$$a Beternak kenari =850 ##$$a NBPNMAT